Megamiasta na mapie świata - nagła śmierć - Statystyki

Ogólne statystyki
  • Ten quiz został rozwiązany 359 razy
  • Średni wynik to 10 z 18
Answers on the Grid
Answers color-coded by a green-red scale on the quiz's grid according to % correct below.
 
Statystyki odpowiedzi
Odpowiedź % Poprawnych
Nowy Jork
87%
Tokio, Szanghaj, Pekin, + więcej...
84%
Los Angeles
81%
Paryż, Stambuł
80%
Bangkok, Mumbaj, Dhaka, + więcej...
75%
Delhi, Lahaur
70%
São Paulo, Rio de Janeiro
65%
Kair, Teheran, Karaczi
65%
Moskwa
62%
Londyn
56%
Lagos
51%
Meksyk
47%
Lima
43%
Kanton, Manila
41%
Kinszasa, Johannesburg
36%
Buenos Aires
31%
Bogotá
30%
Dżakarta
21%
Nie znaleziono quizów pasujących do podanych kryteriów
Rozkład punktacji
Procent ludzi z każdym wynikiem
Percentyl według liczby udzielonych odpowiedzi
Twoja historia wyników
Nie rozwiązałeś tego quizu